| 000 | 00865nam a2200205Ii 4500 | ||
|---|---|---|---|
| 003 | JO-AjNU | ||
| 008 | 230605s9999||||xx |||||||||||||| ||und|| | ||
| 040 |
_aJO-AjNU _bara _erda _cJO-AjNU |
||
| 041 | _aara | ||
| 050 | 1 | 4 | _aHD30.28 2018 |
| 100 | 3 |
_aالياسري، اكرم محسن، م.مشارك طفر ناصر حسين, _eauthor _957981 |
|
| 245 | 0 | 0 | _aمفاهيم معاصرة في الادارة الاستراتيجية وتظرية المنظمة: (اادارة المعرفة، التعليم التنظيمي، الاداء الاستراتيجي)، ج7 |
| 250 | _aط1 | ||
| 264 | 3 | 1 | _aعمان: دار صفاء للنشر والتوزيع، 2018 |
| 300 | _aج7: 208ص | ||
| 336 |
_atext _btxt _2rdacontent |
||
| 337 |
_aunmediated _bn _2rdamedia |
||
| 338 |
_avolume _bnc _2rdacarrier |
||
| 650 | 4 |
_aالادارة الاستراتيجية _957982 |
|
| 999 |
_aA26014 _c29582 _d29582 |
||